000 00995 a2200217 4500
003 Nust
005 20170207152514.0
010 _a 2004058934
020 _a0387231323 (alk. paper)
040 _cNust
082 0 0 _a621.3827
245 1 0 _aOptical communication theory and techniques /
_cedited by Enrico Forestieri.
260 _aNew York :
_bSpringer,
_c2005.
300 _ax, 216 p. :
_bill. ;
_c25 cm.
505 _aInformation and Communication Theory for Optical Communication (Page-3) Coding Theory and Techniques (Page-63) Characterizing, Measuring and Calculating Performance in Optical Fiber Communication Systems (Page-113)Modulations Formats and Detection (Page-167).
538 _aAlmirah No 26 Shelf No 5
650 0 _aTelecommunication engineering
700 1 _aForestieri, Enrico.
856 4 2 _3Publisher description
_uhttp://www.loc.gov/catdir/enhancements/fy0663/2004058934-d.html
856 4 2 _3Table of contents only
_uhttp://www.loc.gov/catdir/enhancements/fy0819/2004058934-t.html
942 _cREF
999 _c175940
_d175940